Religion Quiz

Random Religion or Islam Quiz

Jigsaw Puzzle Crossword: Religion Quiz Stats

 Plays Quiz not verified by Sporcle

Also try: Olympic Sudoku
Challenge
Share
Tweet
Score 0/204 Timer 20:00
1 Play Today
% Correct
S
83.4%
A
83.1%
82.9%
81.9%
M
81.6%
E
80.5%
79.7%
79.5%
78.3%
A
78.3%
78.1%
78.1%
78.1%
I
77.9%
M
77.8%
77.7%
U
77.4%
J
77.4%
77.1%
E
76.9%
S
76.7%
R
76.4%
N
76.3%
I
76%
75.4%
75.3%
M
75.2%
R
75%
A
74.9%
E
74.9%
R
74.9%
A
74.8%
S
74.6%
O
74.6%
A
74.5%
M
74.2%
T
74.1%
S
74.1%
E
74.1%
73.9%
P
73.8%
E
73.7%
O
73.6%
73.4%
R
73.4%
M
73.2%
V
72.9%
S
72.8%
I
72.8%
A
72.8%
S
72.7%
D
72.7%
L
72.5%
S
72.4%
72.4%
A
72.3%
L
72.2%
M
71.9%
M
71.8%
E
71.7%
U
71.4%
C
71.4%
O
71.4%
S
71.1%
71.1%
A
71%
I
70.9%
G
70.8%
% Correct
O
70.7%
U
70.7%
H
70.6%
C
70.5%
70.3%
E
70.3%
70.1%
A
70%
I
70%
H
70%
U
70%
L
69.9%
T
69.9%
E
69.8%
R
69.8%
N
69.7%
R
69.7%
H
69.6%
69.6%
R
69.6%
H
69.6%
S
69.5%
G
69.5%
H
69.5%
69.3%
H
69.3%
N
69.1%
O
68.8%
A
68.8%
N
68.8%
68.6%
A
68.4%
Y
68.4%
O
68.3%
I
68.1%
O
68.1%
A
68.1%
G
68.1%
M
68%
P
67.9%
S
67.9%
67.8%
I
67.8%
A
67.6%
G
67.5%
67.5%
M
67.4%
E
67.3%
M
67.2%
67.1%
R
67.1%
N
67.1%
A
67.1%
F
67%
W
67%
A
67%
P
66.9%
66.8%
A
66.8%
G
66.6%
E
66.6%
66.4%
66.3%
66.2%
U
66.2%
66.2%
L
66.2%
66.2%
% Correct
E
66%
Z
66%
W
66%
66%
T
66%
O
66%
T
66%
E
66%
N
65.8%
I
65.8%
C
65.7%
P
65.6%
E
65.6%
B
65.4%
A
65.4%
Q
65.3%
P
65.3%
I
65.2%
E
65.2%
E
65.2%
E
65.2%
65.2%
I
65.1%
T
65.1%
S
64.9%
D
64.8%
T
64.8%
L
64.8%
B
64.8%
A
64.7%
A
64.7%
B
64.7%
64.6%
K
64.6%
L
64.6%
64.4%
I
64.4%
64.3%
U
64.3%
64.3%
R
64.2%
T
64%
S
64%
H
64%
S
63.9%
A
63.9%
E
63.8%
E
63.7%
D
63.7%
D
63.7%
B
63.6%
63.5%
63.1%
S
62.8%
A
62.7%
T
62.6%
S
62.6%
A
62.4%
G
62.3%
B
62.3%
O
62.3%
N
62.2%
A
61.9%
P
61.6%
P
61.6%
F
61.2%
N
61.1%
58.8%

You're not logged in!

Compare scores with friends on all Sporcle quizzes.
Join for Free
OR
Log In

You Might Also Like...

Show Comments

Extras

Top Quizzes Today


Score Distribution

Your Account Isn't Verified!

In order to create a playlist on Sporcle, you need to verify the email address you used during registration. Go to your Sporcle Settings to finish the process.

Report this User

Report this user for behavior that violates our Community Guidelines.

Details: